[Event "Sevastopol Waltz Blitz"]
[Site "Sevastopol"]
[Date "2023.06.29"]
[Round "5"]
[White "Shulga, Jury"]
[Black "Nesterenko, Vladislav"]
[Result "1/2-1/2"]
[WhiteElo "2202"]
[BlackElo "1332"]
[PlyCount "41"]
[EventDate "2023.06.29"]
[EventType "swiss (blitz)"]
[EventRounds "13"]
[EventCountry "UKR"]
[SourceTitle "CBM 215 Extra"]
[Source "ChessBase"]
[SourceDate "2023.09.30"]
[SourceVersion "1"]
[SourceVersionDate "2023.09.30"]
[SourceQuality "1"]

1. e4 c5 2. Nf3 e6 3. Nc3 a6 4. d4 cxd4 5. Nxd4 Qc7 6. a3 b6 7. Be3 Bb7 8. Be2 d6 9. 0-0 Nd7 10. f3 Be7 11. Qd2 Ngf6 12. Kh1 0-0 13. Rad1 Rac8 14. Rfe1 Rfd8 15. Bf1 b5 16. Qf2 Ne5 17. h3 Nc4 18. Bxc4 Qxc4 19. Nb3 Nd7 20. Na5 Qc7 21. Ra1 1/2-1/2

[Event "Sevastopol Waltz op"]
[Site "Sevastopol"]
[Date "2023.06.19"]
[Round "3"]
[White "Hasangatin, Ramil"]
[Black "Shulga, Jury"]
[Result "1-0"]
[WhiteElo "2457"]
[BlackElo "2202"]
[PlyCount "75"]
[EventDate "2023.06.17"]
[EventType "swiss"]
[EventRounds "9"]
[EventCountry "UKR"]
[SourceTitle "CBM 214 Extra"]
[Source "ChessBase"]
[SourceDate "2023.07.31"]
[SourceVersion "1"]
[SourceVersionDate "2023.07.31"]
[SourceQuality "1"]

1. e4 e6 2. d4 d5 3. Nd2 Nf6 4. e5 Nfd7 5. Bd3 c5 6. c3 Nc6 7. Ne2 Be7 8. 0-0 c4 9. Bc2 b5 10. f4 Qb6 11. Kh1 g6 12. Nf3 h5 13. Be3 a5 14. Bf2 Ba6 15. Bh4 Bxh4 16. Nxh4 Ne7 17. Ng1 b4 18. Qd2 Rb8 19. Ngf3 Qc6 20. Rfc1 bxc3 21. bxc3 Bb5 22. Qd1 0-0 23. Qd2 Nf5 24. Qf2 Rfe8 25. Bxf5 exf5 26. Qg3 Kh8 27. Ng5 Re7 28. e6 Rxe6 29. Nxf7+ Kg8 30. Ne5 Nxe5 31. fxe5 Kh8 32. Rab1 Rb7 33. Qg5 Qe8 34. Rb2 Bc6 35. Rxb7 Bxb7 36. Rb1 Bc6 37. Rb6 Kh7 38. h3 1-0

[Event "Sevastopol Waltz op"]
[Site "Sevastopol"]
[Date "2022.08.05"]
[Round "5"]
[White "Shulga, Jury"]
[Black "Voit, Daria"]
[Result "0-1"]
[WhiteElo "2202"]
[BlackElo "2339"]
[PlyCount "109"]
[EventDate "2022.08.01"]
[EventType "swiss"]
[EventRounds "9"]
[EventCountry "UKR"]
[SourceTitle "EXT 2023"]
[Source "ChessBase"]
[SourceDate "2022.10.05"]
[SourceVersion "1"]
[SourceVersionDate "2022.10.05"]
[SourceQuality "1"]

1. e4 e5 2. Nf3 Nc6 3. Bb5 a6 4. Ba4 Nf6 5. 0-0 b5 6. Bb3 Bc5 7. c3 d6 8. h3 Bb7 9. d4 Bb6 10. Re1 0-0 11. dxe5 dxe5 12. Nbd2 Nh5 13. Nf1 Na5 14. Qxd8 Raxd8 15. Bc2 Nc4 16. b3 Nd6 17. Be3 f6 18. N3d2 Nf4 19. f3 Nc8 20. Rad1 Rd7 21. Nb1 Rfd8 22. Rxd7 Rxd7 23. Bxb6 Nxb6 24. Ne3 Kf7 25. Kf2 Bc8 26. h4 Nd3+ 27. Bxd3 Rxd3 28. Ke2 Rd8 29. Rd1 Rxd1 30. Kxd1 Be6 31. Na3 Ke7 32. Nac2 Kd6 33. Ne1 g6 34. Nd3 f5 35. g3 Nd7 36. Kc2 Nf6 37. Nf2 h6 38. exf5 gxf5 39. g4 f4 40. Ng2 Bd5 41. Ne1 a5 42. a3 c5 43. b4 axb4 44. axb4 c4 45. Kd2 Bf7 46. Ng2 Ke6 47. Ke2 Bg6 48. Kd2 Nd5 49. Nd1 e4 50. fxe4 Bxe4 51. Ne1 f3 52. Nf2 Ke5 53. g5 hxg5 54. hxg5 Kf4 55. Nc2 0-1

[Event "Sevastopol Waltz op"]
[Site "Sevastopol"]
[Date "2022.08.03"]
[Round "3"]
[White "Shulga, Jury"]
[Black "Triapishko, Alexandr"]
[Result "1/2-1/2"]
[WhiteElo "2202"]
[BlackElo "2506"]
[PlyCount "120"]
[EventDate "2022.08.01"]
[EventType "swiss"]
[EventRounds "9"]
[EventCountry "UKR"]
[SourceTitle "EXT 2023"]
[Source "ChessBase"]
[SourceDate "2022.10.05"]
[SourceVersion "1"]
[SourceVersionDate "2022.10.05"]
[SourceQuality "1"]

1. e4 c6 2. d4 d5 3. Nd2 dxe4 4. Nxe4 Nf6 5. Nxf6+ exf6 6. c3 Bd6 7. Bd3 0-0 8. Qc2 Re8+ 9. Ne2 h5 10. Be3 h4 11. Bh7+ Kh8 12. Bf5 g6 13. Bxc8 Qxc8 14. 0-0-0 Qg4 15. Rdg1 b5 16. h3 Qe4 17. Qxe4 Rxe4 18. Re1 Nd7 19. Bd2 Nb6 20. Kd1 c5 21. dxc5 Bxc5 22. Nc1 Rxe1+ 23. Bxe1 Rd8+ 24. Kc2 Nc4 25. Nd3 Bb6 26. Rf1 Kg7 27. Bd2 g5 28. Bc1 Re8 29. Kd1 Kg6 30. Re1 Re6 31. Rxe6 fxe6 32. Ke2 e5 33. f3 Kf7 34. b3 Nd6 35. Be3 Ke6 36. Nb2 Kd5 37. a4 Bxe3 38. Kxe3 a6 39. axb5 axb5 40. Kd3 Kc5 41. Nd1 f5 42. Ne3 b4 43. cxb4+ Kxb4 44. Nxf5 Nxf5 45. Ke4 Nd4 46. Kxe5 Nxb3 47. Kf5 Kc5 48. Kxg5 Kd6 49. Kxh4 Ke6 50. Kg5 Nd4 51. h4 Kf7 52. h5 Ne6+ 53. Kf5 Ng7+ 54. Kg4 Kf6 55. g3 Ne6 56. f4 Nd4 57. Kh4 Kf5 58. Kh3 Ne6 59. Kg2 Kg4 60. h6 Nf8 1/2-1/2

[Event "Sevastopol Waltz Rapid"]
[Site "Sevastopol"]
[Date "2021.08.26"]
[Round "5"]
[White "Shulga, Jury"]
[Black "Shishkin, Vadim1111"]
[Result "1-0"]
[WhiteElo "2202"]
[BlackElo "1731"]
[PlyCount "82"]
[EventDate "2021.08.26"]
[EventType "swiss (rapid)"]
[EventRounds "9"]
[EventCountry "UKR"]
[SourceTitle "CBM 204 Extra"]
[Source "ChessBase"]
[SourceDate "2021.11.30"]
[SourceVersion "1"]
[SourceVersionDate "2021.11.30"]
[SourceQuality "1"]

1. e4 e5 2. Nf3 Nc6 3. Bb5 Nf6 4. d3 d6 5. h3 Be7 6. c3 0-0 7. 0-0 a6 8. Ba4 h6 9. Re1 b5 10. Bb3 Bb7 11. d4 Na5 12. Bc2 Nc6 13. Nbd2 Nh7 14. a4 Ng5 15. Nb3 Nxf3+ 16. Qxf3 Bf6 17. d5 Ne7 18. Na5 Rb8 19. axb5 axb5 20. Be3 Qc8 21. Red1 Kh7 22. Qe2 Qd7 23. Ba7 Ra8 24. Nxb7 c5 25. dxc6 Qxc6 26. Nxd6 Rfd8 27. Nxb5 Ng6 28. Be3 Bg5 29. Rxa8 Rxa8 30. Bxg5 hxg5 31. g3 Kg8 32. c4 f6 33. Bd3 Qc5 34. Nc3 Kf7 35. Nd5 Rh8 36. Kg2 Qc8 37. Qg4 Qb8 38. b4 Nh4+ 39. gxh4 Rxh4 40. Qg3 Qh8 41. Ra1 Kg6 1-0

[Event "UKR-ch sf"]
[Site "Alushta"]
[Date "2011.05.08"]
[Round "6"]
[White "Kovalenko, Igor"]
[Black "Shulga, Jury"]
[Result "1-0"]
[WhiteElo "2581"]
[BlackElo "2255"]
[PlyCount "75"]
[EventDate "2011.05.03"]
[EventType "swiss"]
[EventRounds "9"]
[EventCountry "UKR"]
[SourceTitle "CBM 142 Extra"]
[Source "ChessBase"]
[SourceDate "2011.06.27"]
[SourceVersion "1"]
[SourceVersionDate "2011.06.27"]
[SourceQuality "1"]

1. e4 e6 2. d4 d5 3. Nc3 Nf6 4. Bg5 Be7 5. e5 Ng8 6. Be3 b6 7. h4 h5 8. a3 Ba6 9. Bxa6 Nxa6 10. Qd3 Nb8 11. Nf3 Nh6 12. Bxh6 Rxh6 13. Ne2 Qd7 14. c4 c6 15. Rc1 Qb7 16. 0-0 Nd7 17. Nf4 a6 18. Ng5 g6 19. Rc3 Rc8 20. cxd5 cxd5 21. Rfc1 Rxc3 22. Rxc3 Nf8 23. Qc2 Bd8 24. Rc6 Ke7 25. b4 Rh8 26. a4 Rg8 27. Kh2 Kd7 28. Rd6+ Ke8 29. Nd3 Nd7 30. Qc1 Nb8 31. a5 bxa5 32. Nc5 Qc7 33. bxa5 Rg7 34. Qf4 Qc8 35. Ngxe6 fxe6 36. Rxe6+ Be7 37. Qf6 Rf7 38. Rxe7+ 1-0

[Event "UKR-ch sf"]
[Site "Alushta"]
[Date "2008.05.19"]
[Round "9"]
[White "Shulga, Jury"]
[Black "Muhtarov, Leonid"]
[Result "1-0"]
[WhiteElo "2327"]
[BlackElo "2159"]
[PlyCount "95"]
[EventDate "2008.05.10"]
[EventType "swiss"]
[EventRounds "9"]
[EventCountry "UKR"]
[SourceTitle "CBM 124 Extra"]
[Source "ChessBase"]
[SourceDate "2008.07.03"]
[SourceVersion "1"]
[SourceVersionDate "2008.07.03"]
[SourceQuality "1"]

1. e4 c5 2. Nf3 Nc6 3. d4 cxd4 4. Nxd4 Nf6 5. Nc3 d6 6. f3 e6 7. Be3 Be7 8. Qd2 0-0 9. g4 a6 10. 0-0-0 Qc7 11. h4 b5 12. g5 Nd7 13. g6 Nc5 14. gxh7+ Kxh7 15. Qg2 Bb7 16. Bg5 b4 17. Rg1 Rg8 18. Nxc6 Bxc6 19. Ne2 Rac8 20. Qg4 g6 21. Nd4 Bb7 22. h5 Bxg5+ 23. Qxg5 Qd8 24. hxg6+ Rxg6 25. Qh5+ Kg7 26. Bh3 Qf6 27. Rxg6+ Qxg6 28. Qxg6+ Kxg6 29. Ne2 b3 30. axb3 d5 31. exd5 Nxb3+ 32. Kb1 Nc5 33. dxe6 Nxe6 34. Rd6 Kf6 35. f4 Be4 36. Nd4 Ke7 37. Bxe6 Ra8 38. Rd7+ Ke8 39. Rxf7 Rd8 40. Nb3 a5 41. Nxa5 Rd1+ 42. Ka2 Bxc2 43. f5 Rd4 44. b3 Rd6 45. Nc4 Ra6+ 46. Kb2 Bxf5 47. Rxf5 Rxe6 48. Re5 1-0

[Event "UKR-ch sf"]
[Site "Alushta"]
[Date "2006.05.17"]
[Round "5"]
[White "Sumets, Andrey"]
[Black "Shulga, Jury"]
[Result "1-0"]
[WhiteElo "2461"]
[BlackElo "2293"]
[PlyCount "83"]
[EventDate "2006.05.13"]
[EventType "swiss"]
[EventRounds "9"]
[EventCountry "UKR"]
[SourceTitle "CBM 112 Extra"]
[Source "ChessBase"]
[SourceDate "2006.07.14"]
[SourceVersion "1"]
[SourceVersionDate "2006.07.14"]
[SourceQuality "1"]

1. d4 Nf6 2. c4 e6 3. Nc3 Bb4 4. Qc2 c5 5. dxc5 Bxc5 6. Nf3 a6 7. Bf4 Nc6 8. e3 0-0 9. Rd1 h6 10. Be2 Qe7 11. a3 e5 12. Bg3 d6 13. 0-0 Be6 14. Rd2 Rac8 15. Rfd1 Rfd8 16. Bh4 Ba7 17. Bxf6 gxf6 18. Nh4 Bb8 19. Nf5 Bxf5 20. Qxf5 Qe6 21. Bg4 Qxf5 22. Bxf5 Na5 23. Bxc8 Rxc8 24. Nd5 Kg7 25. Ne7 Rxc4 26. b4 Nc6 27. Nf5+ Kg6 28. Nxd6 Bxd6 29. Rxd6 e4 30. Rd7 Rc3 31. Ra1 b5 32. Rc7 Rc2 33. Kf1 Rc4 34. h3 Kf5 35. g4+ Ke6 36. Rd1 Ne5 37. Rxc4 Nxc4 38. Rd4 Nxa3 39. Rxe4+ Kd6 40. Ke2 Nc4 41. Re8 Ne5 42. Ra8 1-0

[Event "UKR-ch"]
[Site "Simferopol"]
[Date "2003.11.08"]
[Round "5"]
[White "Derjabin, Ilja"]
[Black "Shulga, Jury"]
[Result "1-0"]
[WhiteElo "2393"]
[BlackElo "2297"]
[PlyCount "109"]
[EventDate "2003.11.04"]
[EventType "swiss"]
[EventRounds "9"]
[EventCountry "UKR"]
[SourceTitle "CBM 097 Extra"]
[Source "ChessBase"]
[SourceDate "2004.01.13"]
[SourceVersion "1"]
[SourceVersionDate "2004.01.13"]
[SourceQuality "1"]

1. d4 Nf6 2. c4 g6 3. Nc3 Bg7 4. e4 0-0 5. Nge2 d6 6. Ng3 e5 7. d5 a5 8. Be2 Na6 9. 0-0 h5 10. Bg5 Qe8 11. Qd2 Nh7 12. Be3 Qe7 13. Rae1 Bd7 14. Nh1 Bf6 15. f3 Bg5 16. Nf2 Nc5 17. Nd3 Bxe3+ 18. Qxe3 Nxd3 19. Bxd3 Kg7 20. f4 exf4 21. Qxf4 b6 22. e5 Rae8 23. exd6 Qxd6 24. Qd4+ f6 25. Ne4 Qe5 26. Qf2 Rf7 27. Nc5 Qd6 28. Rxe8 bxc5 29. Ra8 Qb6 30. Qc2 Nf8 31. Qc3 a4 32. b3 axb3 33. axb3 Qd6 34. Qa1 Nh7 35. Ra6 Qf8 36. Qb1 f5 37. Qa1+ Nf6 38. Re1 Kh7 39. h3 Ng8 40. Ra7 Qb8 41. Qa3 f4 42. Ra8 Qb7 43. Bxg6+ Kxg6 44. Rxg8+ Kh7 45. Qa8 Qxa8 46. Rxa8 Bf5 47. Ra7 Kg6 48. d6 f3 49. Rxc7 Rf6 50. gxf3 Rxd6 51. Rxc5 Rd3 52. b4 Rxf3 53. b5 Rg3+ 54. Kf2 Rxh3 55. b6 1-0

[Event "UKR-ch"]
[Site "Simferopol"]
[Date "2003.11.04"]
[Round "1"]
[White "Shishkin, Vadim"]
[Black "Shulga, Jury"]
[Result "1-0"]
[WhiteElo "2473"]
[BlackElo "2297"]
[PlyCount "110"]
[EventDate "2003.11.04"]
[EventType "swiss"]
[EventRounds "9"]
[EventCountry "UKR"]
[SourceTitle "CBM 097 Extra"]
[Source "ChessBase"]
[SourceDate "2004.01.13"]
[SourceVersion "1"]
[SourceVersionDate "2004.01.13"]
[SourceQuality "1"]

1. d4 Nf6 2. c4 e6 3. Nf3 b6 4. Nc3 Bb7 5. Bg5 Be7 6. Qc2 d5 7. e3 Ne4 8. Bxe7 Qxe7 9. Bd3 Nxc3 10. Qxc3 dxc4 11. Qxc4 0-0 12. Rc1 Nd7 13. Qc2 h6 14. 0-0 Bxf3 15. gxf3 c5 16. dxc5 Qxc5 17. f4 Rac8 18. Rfd1 Qxc2 19. Bxc2 Nf6 20. f5 exf5 21. Bxf5 Rxc1 22. Rxc1 g6 23. Bc8 Rd8 24. Rc2 Ne4 25. Kf1 Nc5 26. Bg4 a5 27. Ke2 Kf8 28. a3 Ke7 29. b4 axb4 30. axb4 Na6 31. b5 Nc5 32. Bf3 f5 33. Bc6 Rd6 34. h4 g5 35. hxg5 hxg5 36. Ra2 Kf6 37. Ra8 g4 38. Rb8 Na4 39. Kf1 Ke5 40. Kg2 Re6 41. Kg3 Rh6 42. Bd7 Nc5 43. Re8+ Kf6 44. Bc6 Nd3 45. Rd8 Rh3+ 46. Kg2 Ne1+ 47. Kg1 Ke5 48. Rb8 Rh6 49. Rxb6 Nf3+ 50. Kf1 Rh1+ 51. Ke2 Re1+ 52. Kd3 Rd1+ 53. Kc3 Rc1+ 54. Kd3 Rd1+ 55. Kc2 Rf1 1-0

[Event "UKR-ch"]
[Site "Sevastopol"]
[Date "2000.??.??"]
[Round "7"]
[White "Shulga, Jury"]
[Black "Fedorchuk, Sergey A"]
[Result "0-1"]
[WhiteElo "2309"]
[BlackElo "2406"]
[PlyCount "106"]
[EventDate "2000.??.??"]
[EventType "swiss"]
[EventRounds "9"]
[EventCountry "UKR"]
[SourceTitle "EXT 2001"]
[Source "ChessBase"]
[SourceDate "2000.11.22"]
[SourceVersion "1"]
[SourceVersionDate "2000.11.22"]
[SourceQuality "1"]

1. c4 Nf6 2. Nc3 c5 3. g3 Nc6 4. Bg2 e5 5. e3 d6 6. Nge2 Be7 7. 0-0 0-0 8. h3 Be6 9. Nd5 Qd7 10. Kh2 Nb4 11. Nec3 Nbxd5 12. Nxd5 Nxd5 13. cxd5 Bf5 14. e4 Bg6 15. d3 f5 16. Qe2 Bf6 17. exf5 Bxf5 18. g4 Bg6 19. Be4 Bxe4 20. Qxe4 Rae8 21. Be3 Qd8 22. Rab1 Rf7 23. Kg2 Bg5 24. b4 b6 25. b5 Ref8 26. Rbe1 Bf4 27. Qc4 Qh4 28. Qc2 Rf6 29. Bxf4 Rxf4 30. Re3 Qf6 31. f3 Qf7 32. Rf2 Qxd5 33. Re4 Qe6 34. Qe2 Qg6 35. Qd2 h5 36. Kg3 Qg5 37. Qe2 Re8 38. Qb2 d5 39. Re1 Qf6 40. Qa3 Rf8 41. Ref1 e4 42. dxe4 dxe4 43. Qb3+ Rf7 44. Qd5 Rxf3+ 45. Rxf3 exf3 46. Qa8+ Rf8 47. Qd5+ Qf7 48. Qxh5 Qxh5 49. gxh5 f2 50. Rxf2 Rxf2 51. Kxf2 Kh7 52. Kf3 Kh6 53. Kg4 c4 0-1